Planetes del sistema solar - Statistics

General Stats
  • This quiz has been taken 9 times
  • The average score is 7 of 8
Answer Stats
Planeta % Correct
Mercuri
100%
Venus
100%
Júpiter
89%
Mart
89%
Saturn
89%
Terra
89%
Neptú
78%
Urà
78%
No matching quizzes found
Score Distribution
Percent of People with Each Score
Percentile by Number Answered
Your Score History
You have not taken this quiz